000 00539nam a2200181Ia 4500
003 GCL
008 140319s9999 xx 000 0 ara d
040 _aGCL /
_cGCL
082 0 4 _a809
_bام
100 1 _aامين البرت الريحانى
245 1 0 _aمدار الكلمة: دراسات نقدية /
_cامين البرت الريحانى
260 _a[S.N] :
_bدار الكتاب اللبنانى ،
_c1980
300 _a281 ص
490 _a
650 0 4 _aالادب العربى
650 0 4 _aالنقد
942 _2ddc
_cBK
999 _c27488
_d27488